| 000 | 004640000a22001930004500 | ||
|---|---|---|---|
| 001 | 000763 | ||
| 003 | MACL | ||
| 005 | 20150825152217.0 | ||
| 008 | 150825b xxu||||| |||| 00| 0 eng d | ||
| 040 |
_aMACL _cMACL |
||
| 041 | _aEnglish | ||
| 082 | _a700/PRA | ||
| 100 |
_aPrasad, Devi _97363 |
||
| 245 |
_aArt: The Basis Of Education _cDevi Prasad |
||
| 260 |
_aNew Delhi _c1998 _bNational Book Trust, |
||
| 350 | _a85 | ||
| 650 |
_aArt _97369 |
||
| 942 |
_k700 _cBK _2ddc |
||
| 999 |
_c761 _d761 |
||